Trombinoscope - Personnages de jeux-vidéos - Statistiques

Statistiques générales
  • Ce quiz a été pris 1 133 fois
  • Le résultat moyen est 38 sur 70
Statistiques - réponses
Hint Réponse % Correct
Pac-Man
93%
Pikachu
93%
Mario
93%
Luigi
93%
Sonic
93%
Donkey Kong
93%
Lara Croft
91%
Link
90%
Kirby
89%
Daisy
84%
Rayman
84%
Spyro
81%
Crash
81%
Adibou
81%
Bomberman
80%
Knuckles
79%
Kratos
78%
Rayquaza
74%
Steve
74%
Slenderman
74%
Eggman
73%
Tom Nook
73%
Agent 47
72%
Roi Dadidou
70%
Nathan Drake
70%
Fox McCloud
69%
Marie
66%
Trevor Philips
66%
Jinx
64%
Ezio Auditore
63%
Samus Aran
63%
Yûgi Muto
59%
Sub-Zero
55%
Arthur Morgan
54%
Captain Falcon
51%
Falco Lombardi
51%
Dr. Wily
50%
Caitlyn
48%
Kazooie
48%
Sheik
47%
Leon Kennedy
46%
Pit
45%
Dynamike
44%
Doomfist
42%
Palutena
42%
Aloy
42%
Fay
41%
Shelly
41%
Malenia
40%
Gordon Freeman
39%
Hélio
34%
Alex Hunter
34%
Akuma
33%
Sam Fisher
33%
Reyna
32%
Jak
32%
Aeris Gainsborough
31%
Lifeline
30%
John-117
27%
Brimstone
27%
Ryu Hayabusa
25%
Jibanyan
24%
Illidan Hurlorage
22%
Geno
15%
Urdnot Wrex
13%
Gracowitz
12%
Rexxar
11%
Bristleback
10%
Vashj
10%
Djidane Tribal
10%
Aucun quiz correspondant
Distribution des résultats
% des personnes avec chaque résultat
Percentile par nombre de réponses
Votre historique - résultats
Vous n’avez pas pris ce quiz